| 000 | 00570cam a22001814a 4500 | ||
|---|---|---|---|
| 020 | _a0072423242 (alk. paper) | ||
| 040 | _cDLC | ||
| 082 | 0 | 0 | _a658 MCG 2001 A042 Or. |
| 100 | 1 | _aO'Brien, James A., | |
| 245 | 1 | 0 |
_aIntroduction to information systems : _bessentials for the internetworked E-business enterprise / |
| 250 | _a10th ed. | ||
| 260 |
_aBoston : _bMcGraw-Hill/Irwin, _cc2001. |
||
| 300 |
_a1 v. (various pagings) : _bcol. ill., col. map ; _c26 cm. |
||
| 650 | 0 | _aBusiness | |
| 650 | 0 | _aManagement | |
| 650 | 0 | _aManagement information systems. | |
| 942 | _cEK | ||
| 999 |
_c12464 _d12464 |
||